|
|
|
|
| LEADER |
00000nam0a2200000 4500 |
| 001 |
73379 |
| 005 |
20231031084333.0 |
| 035 |
|
|
|a (RuTPU)RU\TPU\book\78304
|
| 090 |
|
|
|a 73379
|
| 100 |
|
|
|a 20050215d1976 km y0rusy50 ca
|
| 101 |
0 |
|
|a rus
|
| 102 |
|
|
|a RU
|
| 105 |
|
|
|a a z 001zy
|
| 200 |
1 |
|
|a Эмульсионная полимеризация и ее применение в промышленности
|f В. И. Елисеева, С. С. Иванчев, С. И. Кучанов, А. В. Лебедев
|
| 210 |
|
|
|a Москва
|c Химия
|d 1976
|
| 215 |
|
|
|a 239 с.
|c ил.
|
| 320 |
|
|
|a Библиогр. в конце глав.
|
| 320 |
|
|
|a Предметный указатель: с. 236-239.
|
| 610 |
1 |
|
|a химическая технология
|
| 610 |
1 |
|
|a полимеры
|
| 610 |
1 |
|
|a полимеризация
|
| 610 |
1 |
|
|a эмульсионная полимеризация
|
| 610 |
1 |
|
|a сополимеризация
|
| 610 |
1 |
|
|a сополимеры
|
| 610 |
1 |
|
|a промышленность
|
| 610 |
1 |
|
|a латексы
|
| 610 |
1 |
|
|a бутадиен
|
| 610 |
1 |
|
|a акриловые мономеры
|
| 675 |
|
|
|a 678.7
|v 3
|
| 701 |
|
1 |
|a Елисеева
|b В. И.
|
| 701 |
|
1 |
|a Иванчев
|b С. С.
|
| 701 |
|
1 |
|a Кучанов
|b С. И.
|
| 701 |
|
1 |
|a Лебедев
|b А. В.
|
| 801 |
|
1 |
|a RU
|b 63413507
|c 20050215
|g PSBO
|
| 801 |
|
2 |
|a RU
|b 63413507
|c 20201029
|g PSBO
|
| 942 |
|
|
|c BK
|